Statistics for Word Scramble: Harry Potter Characters

Click here to take the quiz!

General Stats

  • This quiz has been taken 45 times
  • The average score is 8 of 20

Answer Stats

Character% Correct
Filius Flitwick
100%
Neville Longbottom
100%
Parvati Patil
100%
Sirius Black
100%
Voldemort
100%
Viktor Krum
67%
Cho Chang
50%
Harry Potter
50%
Poppy Pomfrey
50%
Rita Skeeter
50%
Sybill Trelawney
50%
Bellatrix Lestrange
33%
Hannah Abbott
33%
Tom Riddle
33%
Argus Filch
25%
Draco Malfoy
25%
Ron Weasley
25%
Albus Dumbledore
0%
Ariana Dumbledore
0%
Arthur Weasley
0%
Cedric Diggory
0%
Charlie Weasley
0%
Colin Creevey
0%
Dean Thomas
0%
Severus Snape
0%
Dudley Dursley
0%
Gilderoy Lockhart
0%
Ginny Weasley
0%
Horace Slughorn
0%
James Potter
0%
Lavender Brown
0%
Lily Potter
0%
Lucius Malfoy
0%
Luna Lovegood
0%
Minerva McGonagall
0%
Oliver Wood
0%
Pansy Parkinson
0%
Penelope Clearwater
0%
Remus Lupin
0%
Rowena Ravenclaw
0%
Rubeus Hagrid
0%
Seamus Finnigan
0%

Score Distribution

Percentile by Number Answered

Percent of People with Each Score

Your Score History

You have not taken this quiz